Prínos klastrov k regionálnemu rozvoju

Spôsob riešenia ekonomického rastu, nezamestnanosti a finančnej stability smerujúca k novej organizácii ekonomického priestoru prostredníctvom regionálneho rastu pomocou klastrov.

Guardado en:
Detalles Bibliográficos
Autor principal: Jamnický, Peter
Formato: Capítulo de libro
Lenguaje:eslovaco
Materias:
Etiquetas: Agregar Etiqueta
Sin Etiquetas, Sea el primero en etiquetar este registro!

MARC

LEADER 00000nla a2200000 4500
001 0155391
005 20240502072730.9
041 0 |a slo 
044 |a SK 
245 1 0 |a Prínos klastrov k regionálnemu rozvoju  |c Peter Jamnický 
520 |a Spôsob riešenia ekonomického rastu, nezamestnanosti a finančnej stability smerujúca k novej organizácii ekonomického priestoru prostredníctvom regionálneho rastu pomocou klastrov. 
610 2 0 |a klaster 
610 2 0 |a združenia podnikov 
610 2 0 |a odvetvia priemyselné 
610 2 0 |a rast hospodársky 
610 2 0 |a rozvoj regionálny 
610 2 0 |a spolupráca regionálna 
100 1 |a Jamnický, Peter